| 000 | 00388nam a22001457a 4500 | ||
|---|---|---|---|
| 003 | OSt | ||
| 005 | 20160727222341.0 | ||
| 008 | 160620b xxu||||| |||| 00| 0 eng d | ||
| 040 | _cTEST | ||
| 100 |
_9103 _aGrossman, D |
||
| 245 |
_aThe Missing Letters Mystery _bThe Missing Letters Mystery |
||
| 260 |
_aHomongous Entertainment _c2000 |
||
| 300 | _aThe Missing Letters Mystery | ||
| 942 |
_2ddc _cBK |
||
| 999 |
_c82 _d82 |
||